Maisie Peters - Enough for You - Statistics

General Stats
  • This quiz has been taken 14 times
  • The average score is 145 of 238
Answer Stats
Answer % Correct
a
100%
enough
100%
for
100%
I
100%
you
100%
You
100%
to
88%
was
88%
do
75%
do?
75%
in
75%
In
75%
it
75%
it,
75%
It
75%
it's
75%
It's
75%
like
75%
want
75%
when
75%
When
75%
your
75%
all
63%
All
63%
an
63%
And
63%
and
63%
But
63%
'Cause
63%
don't
63%
eyes
63%
feel
63%
hard,
63%
he
63%
I'm
63%
just
63%
know
63%
no,
63%
not
63%
of
63%
off
63%
on
63%
one
63%
the
63%
try
63%
we
63%
who
63%
wish
63%
with
63%
you're
63%
You're
63%
12
50%
about
50%
apart
50%
at
50%
couldn't
50%
fall
50%
friends
50%
get
50%
girl
50%
glasses
50%
home
50%
how
50%
kind
50%
Kind
50%
me
50%
miss
50%
my
50%
O'clock
50%
other
50%
perfect
50%
real
50%
really
50%
see
50%
so
50%
some
50%
talk
50%
that
50%
then,
50%
there's
50%
things
50%
took
50%
as
38%
bigger
38%
bit
38%
car
38%
chest
38%
dawns
38%
drive
38%
films
38%
five
38%
four
38%
funny
38%
gets
38%
heart
38%
hole
38%
into
38%
issue
38%
mind
38%
mirror
38%
Now
38%
parks
38%
stuck
38%
TV
38%
wanna
38%
wasn't
38%
watching
38%
wing
38%
worth
38%
front
25%
going
25%
long
25%
nice
25%
out
25%
poured
25%
sat
25%
wonder
25%
Would
25%
already
13%
Lipstick's
13%
spilled
13%
No matching quizzes found
Score Distribution
Percent of People with Each Score
Percentile by Number Answered
Your Score History
You have not taken this quiz